000 01596nam a2200337 a 4500
001 76494
003 BD-RjUL
005 20211209082842.0
008 191211m19771974ii ||||| |||| 00| 0dben d
020 _c: IRs. 15.00 (V-1)
020 _c: IRs. 15.00 (V-2)
020 _c: IRs. 15.00 (V-3)
020 _c: IRs. 15.00 (V-5)
035 _a(BD-RjUL)76717
040 _aBD-RjUL
_bben/eng
_cBD-RjUL
_dBD-RjUL
041 _aben
082 _223
_a891.4408
_bISN V-1-7 1974-1977
100 1 _4ইসলাম, কাজী নজরুল
245 1 0 _aনজরুল রচনা-সম্ভার /
_cকাজী নজরুল ইসলাম ; আবদুল আজিজ আল্-আমান সম্পাদিত
250 _a৩য় সং. /প্রকাশ
264 _aকলকাতা:
_bহরফ প্রকাশনী,
_c১৯৭৪-১৯৭৭
300 _a খণ্ড ;
_c২২ সেমি.
500 _a"সরকার নির্ধারিত মূল্যের কাগজে মুদ্রিত"
505 0 _aখণ্ড ১ -- খণ্ড ২ -- খণ্ড ৫ --
600 _aইসলাম, কাজী নজরুল,
_c১৮৯৯-১৯৭৬
_xরচনাবলী
_9236362
600 _aIslam, Qazi Nazrul,
_c1899-1976
_xCollected Works
_9236363
650 _aবাংলা সাহিত্য
_xরচনাবলী
_9236364
650 _aBengali Literature
_xCollected Works
_9236365
700 _aআল্-আমান, আবদুল আজিজ, সম্পাদক
_9236366
942 _2ddc
_cBK
999 _c76494
_d76494